|
|
|
|
| LEADER |
01067cam a2200313 a 4500 |
| 001 |
c000224882 |
| 003 |
CARM |
| 005 |
20061031164100.0 |
| 008 |
940405s1994 enka b 001 0 eng d |
| 015 |
|
|
|a b94Y6462
|
| 019 |
1 |
|
|a 10875030
|5 LACONCORD2021
|
| 020 |
|
|
|a 0412583801 :
|c £85.00
|
| 035 |
|
|
|a (OCoLC)30777671
|5 LACONCORD2021
|
| 040 |
|
|
|a BNB
|b eng
|c BNB
|d NNCU:A
|
| 082 |
0 |
4 |
|a 620.192
|2 20
|
| 082 |
0 |
4 |
|a 620.192
|2 20
|
| 245 |
0 |
0 |
|a Rubber toughened engineering plastics /
|c edited by A. A. Collyer.
|
| 250 |
|
|
|a 1st ed.
|
| 260 |
|
|
|a London :
|b Chapman & Hall,
|c 1994.
|
| 300 |
|
|
|a x, 366 p. :
|b ill. ;
|c 23 cm.
|
| 504 |
|
|
|a Includes bibliographical references and index.
|
| 650 |
|
0 |
|a Polymers.
|
| 650 |
|
0 |
|a Polymers
|x Mechanical properties.
|
| 650 |
|
0 |
|a Rubber.
|
| 650 |
|
0 |
|a Plastics.
|
| 700 |
1 |
|
|a Collyer, A. A.
|
| 852 |
8 |
|
|b CARM
|h A2:AP31A0
|i B06712
|p 0315860
|f BK
|
| 999 |
f |
f |
|i ea1eb460-a345-5caf-a6db-f83627c51395
|s 5de4413d-518e-54f8-953c-d85395ad69b9
|
| 952 |
f |
f |
|p Can circulate
|a CAVAL
|b CAVAL
|c CAVAL
|d CARM 1 Store
|e B06712
|f A2:AP31A0
|h Other scheme
|i book
|m 0315860
|